| 000 | 01189nam0a22003011 4500 | ||
|---|---|---|---|
| 001 | RU\INFOCOMM_318\NLR\5000068882 | ||
| 005 | 20250613103555.0 | ||
| 035 | _a(NLR Aleph) 009473718 | ||
| 090 |
_a8543311 _c8543311 |
||
| 100 | _a20121120d1928 |||y0rusy50 ca | ||
| 101 | 0 |
_ager _drus |
|
| 102 | _aRU | ||
| 105 | _ay z ||||| | ||
| 200 | 1 |
_aDie Lebensgeschichte von amphilina foliacea G. Wagen., Parasiten des Wolgasterlets, nach Beobachtungen und Experimenten _fVon dr. Constantin Janicki ... |
|
| 210 |
_aSaratow _d1928 |
||
| 215 |
_a[2], 101-134 с., 3 ил., [5] л. ил. _cил. _d26 см |
||
| 300 | _aРезюме на рус. яз. | ||
| 311 | _a"S.-abdr. aus den "Arbeiten der Biologischen Wolga-station; Bd. 10, № 3, Saratow, 1928" | ||
| 320 | _aБиблиография: с. 129-130 | ||
| 412 | 0 |
_12001#$aArbeiten der Biologischen Wolga-station$vBd. 10, № 3 _1210##$aSaratow$d1928 _tArbeiten der Biologischen Wolga-station |
|
| 620 | _aСаратов | ||
| 700 | 1 |
_9z01790 _aJanickij _bK. _gKonstantin |
|
| 790 | 1 |
_9z01700 _aJanicki _bC. _gConstantin _4070 |
|
| 801 | 1 |
_aRU _bNLR _c20121120 |
|
| 801 | 0 |
_aRU _bINFOCOMM _gPSBO |
|
| 852 |
_aNLR _jD12/49 |
||
| 942 | _cBOOK | ||
| 980 | _aNB | ||